[Event "84th Tata Steel Challengers 2022"]
[Site "Wijk aan Zee"]
[Date "2022.01.20"]
[Round "5.4"]
[White "Ganguly, Surya Shekhar"]
[Black "Vogel, Roven"]
[Result "1-0"]
[WhiteElo "2627"]
[BlackElo "2452"]
[Annotator "TA"]
[PlyCount "125"]
[EventDate "2022.01.15"]
[EventType "tourn"]
[EventCountry "NED"]
[SourceTitle "playchess.com"]
[Source "ChessBase"]
[SourceQuality "1"]

{[%evp 9,125,16,14,10,14,9,25,10,25,19,21,20,28,20,23,27,23,0,4,0,0,6,12,11,18,32,14,17,14,11,6,14,14,11,22,29,43,34,43,29,29,29,29,29,29,29,47,45,47,47,48,27,42,42,42,44,69,68,63,69,70,54,67,59,116,121,116,116,115,114,112,112,149,117,199,183,168,181,174,148,147,141,141,108,132,124,144,141,208,234,200,199,285,276,371,462,435,428,806,501,895,747,1562,1543,1383,1282,1938,1984,6916,1869,2453,1789,2955,2372,2311,2250,12845,12845]} 1. e4 e5 2. Nf3 Nc6 3. Bc4 Nf6 4. d3 Bc5 5. c3 d6 6. a4 {Threatens to win with b4. C54: Giuoco Piano: 4 c3 Nf6, main lines with 5 d4 and 5 d3.} a6 7. O-O Ba7 8. Re1 {White has an edge.} h6 9. Nbd2 {[%cal Bb1d2,Bd2f1,Bf1g3][%mdl 32]} O-O 10. h3 Ne7 11. Nf1 {11.d4 deserves study.} Ng6 12. Ng3 c6 13. Bb3 d5 14. exd5 Nxd5 15. d4 exd4 16. Nxd4 $5 {[%mdl 4] Leaves trodden paths.} Re8 17. Rxe8+ Qxe8 18. Bxd5 cxd5 19. Be3 Bb8 {White must now prevent ...Bxg3.} 20. Qd2 Bxg3 21. fxg3 Qe5 {[#]} 22. Bf4 $146 ({Predecessor:} 22. Bf2 Bd7 23. Nb3 Qg5 24. Qxg5 hxg5 25. Nc5 Bc6 26. b4 Ne5 27. Re1 Nd7 28. Nxd7 {½-½ (28) Mareco,S (2664)-Kravtsiv,M (2641) Sharjah 2017}) 22... Nxf4 23. Qxf4 f6 24. Kf2 Bd7 25. Re1 Qxf4+ 26. gxf4 $11 {[%mdl 4096] Endgame KRB-KRN} Kf7 {To avoid Re7+} 27. a5 g5 28. Ra1 Rc8 29. Ra3 Rc5 30. Kg3 Bc8 31. h4 Rc7 32. Ra1 {[%cal Ba3a1,Ba1f1,Bf1f8,Bf8b8][%mdl 32]} Re7 33. fxg5 hxg5 34. hxg5 fxg5 35. Rf1+ Kg6 36. Rf8 Bd7 (36... Rc7 $1 $14) 37. Rb8 $16 Be8 38. Rd8 Bd7 39. Nf3 {[%cal Od8d7] And now Rxd7! would win.} Kf6 40. Rf8+ $1 Kg6 41. Rg8+ Kf6 (41... Kf5 $16 42. Rxg5+ Ke4) 42. Rxg5 $18 d4 43. cxd4 Re2 44. Kf4 Rxb2 45. Ne5 Be6 46. Rg6+ Ke7 47. g4 {[%cal Bg2g4,Bg4g5,Bg5g6,Bg6g7][%mdl 32]} Rb4 {[#]} 48. Nf3 Rb5 {[#]} (48... Ra4 $16) 49. Rg5 $1 Rb4 50. Re5 b5 (50... Ra4 {was called for.} 51. g5 Kf7) 51. axb6 {Ng5 is the strong threat.} Kd6 52. g5 Rxb6 {White is clearly winning.} 53. g6 {Inhibits Bf7.} Rb8 (53... Kd7 $142 54. g7 Bg8) 54. Kg5 Rb2 (54... Ra8 $142 55. Nd2 Bd5 56. Ne4+ Bxe4 57. Rxe4 Rh8) 55. Kf6 Bd5 {[#]} 56. g7 $1 {[%cal Oe5d5] Strongly threatening Rxd5+!} Rb6 {[#]} 57. Kg5 $1 {[%cal Oe5d5]} Rb8 (57... Bc4 58. Nh4) 58. Nh4 {Hoping for Nf5+.} Be6 59. Kf6 (59. Nf5+ $142 Kd7 60. d5 Bxf5 61. Rxf5) 59... Bg8 60. Nf5+ Kd7 61. d5 Rb6+ 62. d6 Rb5 63. Re7+ {Weighted Error Value: White=0.10 (very precise) /Black=0.17 (very precise)} 1-0

[Event "84th Tata Steel Challengers 2022"]
[Site "Wijk aan Zee"]
[Date "2022.01.20"]
[Round "5.5"]
[White "Jumabayev, Rinat"]
[Black "Dardha, Daniel"]
[Result "1-0"]
[WhiteElo "2631"]
[BlackElo "2533"]
[Annotator "TA"]
[PlyCount "205"]
[EventDate "2022.01.15"]
[EventType "tourn"]
[EventCountry "NED"]
[SourceTitle "playchess.com"]
[Source "ChessBase"]
[SourceQuality "1"]

{[%evp 19,205,0,15,0,6,0,0,0,8,0,7,3,58,47,51,43,61,61,59,61,47,63,42,54,51,52,44,26,54,46,51,12,16,15,22,22,37,30,75,83,76,78,79,75,75,76,81,75,84,83,153,161,162,145,141,20,22,0,69,52,60,35,64,21,101,75,112,123,120,128,128,105,147,157,147,112,117,109,102,0,120,117,112,109,102,106,125,127,123,120,121,112,104,110,129,138,130,101,91,94,116,116,127,127,127,127,130,130,130,130,218,215,268,268,268,268,264,239,242,0,261,185,178,175,185,185,214,185,185,185,206,180,149,149,217,218,231,147,147,154,167,0,152,0,247,0,174,153,161,50,50,55,161,179,180,175,239,239,1083,1018,719,445,736,439,3054,1504,4137,4137,3877,3249,2695,2737,2500,2253,2261,1895,2142,1735,2383,2362,29982,29983,29983,29984,29984,29984,29984,29985]} 1. d4 Nf6 2. c4 e6 3. Nf3 d5 4. g3 Bb4+ 5. Bd2 Be7 6. Bg2 O-O 7. O-O Nbd7 8. Qc2 c6 9. Bf4 b6 10. Nbd2 Ba6 11. Rfd1 {E11: Bogo-Indian.} Nh5 12. e3 $5 {[%mdl 4] Exploring less charted territory.} Rc8 13. h4 {Inhibits g5. The position is equal.} Bb7 {[#]} 14. Rac1 $146 ({Predecessor:} 14. Ne5 c5 15. cxd5 Bxd5 16. Bxd5 exd5 17. Qf5 Nxe5 18. dxe5 Nxf4 19. exf4 g6 20. Qd3 {½-½ (42) Herman,T (2315)-Sherwood,H (2353) ICCF email 2019}) 14... h6 15. cxd5 cxd5 ({Black should play} 15... Nxf4 $11 16. exf4 cxd5) 16. Bc7 $14 Qe8 17. Qa4 Nc5 18. Qxe8 ({Reject} 18. Qxa7 Rxc7 19. dxc5 bxc5 $15) 18... Rfxe8 19. dxc5 Rxc7 20. cxb6 Rxc1 21. Rxc1 axb6 22. Rc7 Ba8 23. Nd4 (23. Ra7 $5 {[%cal Rf3e5]}) 23... Bd6 24. Ra7 Nf6 25. Nb5 Bf8 26. Nf3 {Black must now prevent Ne5.} Bc6 27. Nbd4 Rc8 28. Ra6 Nd7 (28... Bd7 $11 {is more appropriate.}) 29. Bf1 $16 Bd6 30. Nxc6 Rxc6 31. Bb5 $36 {[%mdl 2048] White has strong initiative.} Nb8 32. Ra7 Rc7 33. Ra8 Rc1+ 34. Kg2 e5 (34... Kf8 $142) 35. h5 g5 36. hxg6 $1 fxg6 37. Nh4 (37. e4 $16) 37... Kf7 $1 $11 38. Nf3 Ke7 (38... Kg8 $1 $11) 39. b4 Nd7 40. Nh4 Nf6 41. a3 (41. Ra6 $1 $14) 41... Rc2 (41... Ke6 $11) 42. Ra7+ Ke6 43. Bd3 ({Of course not} 43. Nxg6 $6 Ne4 $15) 43... Rc7 44. Rxc7 Bxc7 45. Bxg6 $16 {[%mdl 4096] Endgame KBN-KBN} Bd6 (45... Ng8 $142) 46. Bf5+ Kf7 47. Nf3 Ne8 48. Bd7 Nf6 49. Bf5 Ne8 $1 50. Kf1 Bc7 51. Bc2 Ke6 52. Bh7 Nf6 53. Bg6 Ng8 54. Ke2 Ne7 55. Bc2 Nc8 56. Bh7 Bd8 57. Bg8+ Kd6 58. e4 dxe4 59. Nd2 b5 60. Nxe4+ Kc6 61. Bf7 Kd7 {To avoid Be8+} 62. Bh5 {And now Bg4+ would win. White is more active.} Ke7 63. Nc3 Nd6 64. Bg4 e4 {[#]} (64... Ke8 $16 65. a4 bxa4) 65. Nd5+ $1 $18 Kf7 {[#]} 66. Ke3 $1 Bg5+ 67. Kd4 Bd2 68. Bh5+ Ke6 69. Bg4+ Kf7 70. Ke5 Nc4+ 71. Kxe4 Be1 72. Kf3 Nxa3 73. Bf5 Bd2 74. Ke2 Bg5 75. Kd3 h5 76. f4 Bh6 (76... Bd8 $16 77. Kd4 h4) 77. Kd4 Bf8 78. Bd7 Bd6 79. Kc3 Nb1+ 80. Kd4 Na3 81. Bf5 (81. Bh3 $16) 81... Bf8 $1 82. Bd7 Bd6 83. Kd3 Bf8 84. g4 (84. Kc3 $18) 84... hxg4 $14 85. Bxg4 Nc4 {White now steadily converts the win.} (85... Kg6 $14) 86. Bd7 $18 Nd6 87. Kd4 Kg6 (87... Nb7 $142 88. Bxb5 Ke6) 88. Kc5 Kh5 $2 (88... Kf7 89. Kb6 (89. Bxb5 Nf5+ 90. Kb6 Bd6 $16) 89... Ne4 90. Kxb5 Nf6) 89. Bxb5 Kg4 90. Be2+ Kg3 (90... Kf5 $142 91. Bd3+ Ke6) 91. Bd3 {Kc6 is the strong threat.} Kf3 (91... Nc8+ $142 92. Kc4 Ne7) 92. b5 (92. Kc6 $142 Nc8 93. b5) 92... Nf5+ 93. Kc6 Nd4+ 94. Kd7 Nb3 95. Bc2 Nc5+ 96. Ke8 Bd6 97. f5 {[%cal Bf4f5,Bf5f6,Bf6f7][%mdl 32]} Ke2 98. f6 {Hoping for f7.} Kd2 99. Bf5 {Threatening mate with f7.} Nb7 100. Bc8 {White mates.} Nc5 101. f7 Ne4 102. Bf5 Ng3 103. Bg6 {Weighted Error Value: White=0.13 (very precise) /Black=0.14 (very precise)} 1-0

[Event "84th Tata Steel Challengers 2022"]
[Site "Wijk aan Zee"]
[Date "2022.01.20"]
[Round "5.7"]
[White "Shuvalova, Polina"]
[Black "Maurizzi, Marc`Andria"]
[Result "1-0"]
[WhiteElo "2516"]
[BlackElo "2496"]
[Annotator "TA"]
[PlyCount "105"]
[EventDate "2022.01.15"]
[EventType "tourn"]
[EventCountry "NED"]
[SourceTitle "playchess.com"]
[Source "ChessBase"]
[SourceQuality "1"]

{[%evp 14,105,35,37,47,46,56,33,38,34,34,27,73,40,58,63,89,86,118,77,127,118,99,109,126,89,106,100,90,92,103,108,91,87,87,90,92,88,100,103,135,116,128,116,144,156,204,202,191,189,272,195,294,298,309,153,154,155,159,155,155,86,86,93,93,93,93,92,93,93,93,93,93,93,93,86,172,93,142,93,479,393,471,456,793,830,4133,3547,6677,6677,4186,4137,1284,928]} 1. e4 c5 2. Nf3 d6 3. d4 cxd4 4. Nxd4 Nf6 5. Nc3 g6 6. Be3 Bg7 7. f3 a6 8. Qd2 h5 {B75: Sicilian Dragon: Yugoslav Attack, Miscellaneous.} 9. Bc4 Nbd7 10. a4 Ne5 {White is slightly better.} 11. Bb3 Bd7 12. f4 {[#]} Nc6 $146 (12... Neg4 $11) ({Predecessor:} 12... Neg4 13. Bg1 e5 14. Nf3 exf4 15. Qxd6 Bc6 16. Qb4 a5 17. Qc5 Nd7 18. Qd6 Qf6 19. Qxf6 Ngxf6 {0-1 (48) Petrov,V (2023)-Tutisani,N (2224) Batumi 2014}) 13. h3 O-O {[%cal Ob7b5]} 14. O-O Nxd4 15. Bxd4 ({Of course not} 15. Qxd4 $6 Ng4 $1 16. Qd2 Nxe3 17. Qxe3 e6 $15) 15... Bc6 {[%cal Oe7e5]} 16. Rae1 (16. f5 $142 {And now fxg6 would win.} Kh7 17. a5) 16... Nd7 (16... e5 $142 17. Bf2 (17. fxe5 dxe5 18. Be3 b5 $14) 17... Bh6) 17. f5 $1 $16 Bxd4+ 18. Qxd4 {Threatens to win with fxg6.} Kh7 19. fxg6+ fxg6 20. Rxf8 {White is much more active.} Qxf8 21. Rf1 Nf6 22. e5 dxe5 23. Qxe5 {[%cal Og2g4]} Rd8 {[#]} 24. Nd5 $1 $36 {[%mdl 2048] Black is under strong pressure.} Bxd5 25. Bxd5 {[%cal Bb3d5,Bd5e4,Be4d3][%mdl 96] Pin} Rd7 (25... Rxd5 $2 26. Qxd5 $3 {[%mdl 512]} b5 27. axb5 Nxd5 28. Rxf8 $18) 26. Be4 {[%cal Oe5h5]} Qg7 27. Bd3 $1 Rd5 28. Qb8 Rd7 29. Rf3 h4 (29... Nd5 $16 {might work better.}) 30. Rf4 $18 Qh6 31. Qe5 {To avoid Qg5} a5 (31... Kg7 $142 32. Rg4 Kf8) 32. b3 b6 (32... Qh5 {is a better defense.} 33. Qe6 Kh6 34. Rxf6 Rxd3 35. Qxe7 (35. cxd3 exf6 36. Qxf6 Qd1+ 37. Kh2 Qe1 $14) 35... Rd1+ 36. Kh2 (36. Rf1 Rxf1+ 37. Kxf1 Qd1+ 38. Qe1 Qd8 $16) 36... Qg5 37. Qf8+ Kh5 38. Qh8+ Qh6 39. Qxh6+ Kxh6) 33. Kh2 Ra7 34. Qd4 (34. Rd4 $18 {and White stays clearly on top.}) 34... Rd7 $16 35. Qf2 Qg5 36. Rxh4+ Kg7 37. Rf4 ({White should play} 37. Qg3 Qxg3+ 38. Kxg3) 37... e5 38. Rc4 e4 39. Bxe4 {aiming for Bf3.} Rd2 40. Qe1 {Bf3 is the strong threat.} Qe5+ 41. Qg3 $1 Qxg3+ 42. Kxg3 {Strongly threatening Rc7+.} Nxe4+ 43. Rxe4 {Black must now prevent Rc4.} Rxc2 {[%mdl 4096] Endgame KR-KR} 44. Kf3 Rd2 {[#]} (44... Rb2 $16) 45. g3 (45. b4 $1 $18) 45... Kf6 (45... Kh6 $142) 46. Kg4 (46. Rf4+ $142 Ke5 47. b4) 46... b5 $2 {[%mdl 8192] This costs Black the game.} (46... Rb2 $16 {is tougher.}) 47. Rf4+ Kg7 {[#]} 48. b4 $1 {White is clearly winning.} ({Less strong is} 48. axb5 Rd5 $14) 48... g5 (48... Rd5 $142 49. bxa5 b4 50. Rxb4 Rxa5) 49. Re4 $18 axb4 50. axb5 b3 51. Rb4 b2 52. Kf3 Rd3+ 53. Kf2 {Weighted Error Value: White=0.16 (very precise) /Black=0.41} 1-0

[Event "84th Tata Steel Challengers 2022"]
[Site "Wijk aan Zee"]
[Date "2022.01.21"]
[Round "6.1"]
[White "Erigaisi Arjun"]
[Black "Ganguly, Surya Shekhar"]
[Result "1-0"]
[WhiteElo "2629"]
[BlackElo "2627"]
[Annotator "TA"]
[PlyCount "83"]
[EventDate "2022.01.15"]
[EventType "tourn"]
[EventCountry "NED"]
[SourceTitle "playchess.com"]
[Source "ChessBase"]
[SourceQuality "1"]

{[%evp 17,83,0,0,0,45,0,6,0,0,0,0,0,12,14,34,12,27,17,24,26,35,13,14,0,31,31,162,160,143,159,145,146,145,73,157,165,160,179,352,355,336,339,347,336,318,309,531,534,497,506,582,583,956,925,1074,1041,1010,747,1320,1008,1166,1121,1043,1033,1028,1018,1006,916]} 1. e4 e5 2. Nf3 Nc6 3. Bc4 Bc5 4. c3 Nf6 5. d4 exd4 6. e5 d5 7. Bb5 Ne4 8. cxd4 Bb6 9. Nc3 O-O 10. Be3 {C54: Giuoco Piano: 4 c3 Nf6, main lines with 5 d4 and 5 d3.} f6 (10... Bg4 $11 {feels stronger.}) 11. exf6 Nxc3 12. bxc3 {Strongly threatening Bxc6. The position is equal.} Qxf6 13. O-O Bg4 {[%cal Rg4f3]} 14. Be2 Bxf3 15. Bxf3 Rad8 16. Be2 {[#]} Na5 $146 ({Predecessor:} 16... Ne7 17. Qd2 c6 18. Bg5 Qf7 19. Bh5 g6 20. Rfe1 Rd7 21. Bg4 {½-½ (21) Harshad,S (1939)-Ravi,T (2294) Rajapalayam 2018}) 17. a4 c6 18. Bd3 Bc7 19. Qg4 {Black must now prevent Bg5.} Rde8 20. Rae1 {Bg5 is the strong threat.} Bd8 21. g3 Qf3 (21... Qf7 $14) 22. Qh3 $1 $18 g6 {[%cal Od8g5]} 23. Be2 {[%cal Bd3e2,Be2g4,Bg4d7][%mdl 32]} Qf5 24. Bg4 Qf6 25. Bf4 (25. Bd7 $142 $1 {[%cal Rd7e8]} Re7 26. Bf4) 25... h5 {[#]} (25... Nc4 $142) 26. Bd7 $1 $16 {White is more active. This bishop pair is nice.} Rxe1 27. Rxe1 Kh7 $2 (27... Nc4 28. Be8 Qg7) 28. Re6 $18 Qf7 {[#]} 29. Rd6 Qe7 {aiming for ...Nc4.} 30. Be6 {Hoping for Rd7.} ({Weaker is} 30. Qe6 Rf6 31. Qxe7+ Bxe7 32. Rxf6 Bxf6 $16) 30... Rxf4 31. Rd7 Rf6 $2 (31... Qxd7 {was worth a try.} 32. Bxd7 Re4) 32. Rxe7+ {White is clearly winning.} Bxe7 33. Bc8 Rd6 34. g4 Nc4 35. gxh5 gxh5 36. Be6 Kg7 37. f4 {[%cal Bf2f4,Bf4f5,Bf5e6][%mdl 32]} Nd2 38. f5 Rxe6 39. fxe6 Ne4 40. Qxh5 {Qf7+ would kill now.} Ng5 {To avoid Qf7+} 41. Qe8 {Intending h4 and mate.} Kf6 42. Qd7 {Weighted Error Value: White=0.08 (flawless) /Black=0.40} 1-0

[Event "84th Tata Steel Challengers 2022"]
[Site "Wijk aan Zee"]
[Date "2022.01.21"]
[Round "6.2"]
[White "Murzin, Volodar"]
[Black "Nguyen, Thai Dai Van"]
[Result "1/2-1/2"]
[WhiteElo "2519"]
[BlackElo "2609"]
[Annotator "TA"]
[PlyCount "99"]
[EventDate "2022.01.15"]
[EventType "tourn"]
[EventCountry "NED"]
[SourceTitle "playchess.com"]
[Source "ChessBase"]
[SourceQuality "1"]

{[%evp 17,99,35,39,16,14,25,12,19,25,25,22,16,13,20,15,22,14,13,15,15,23,20,15,21,10,14,8,8,9,18,8,6,6,8,8,15,24,0,0,0,0,0,0,-2,0,0,62,83,97,0,0,0,0,0,0,0,0,-26,0,0,0,0,0,0,0,0,0,0,0,0,0,0,0,0,0,0,0,0,0,0,0,0,0,0]} 1. e4 e5 2. Nf3 Nc6 3. Bb5 a6 4. Ba4 Nf6 5. O-O b5 6. Bb3 Bc5 7. c3 d6 8. a4 Rb8 9. d4 {[%cal Bd2d4,Bd4d5,Bd5c6][%mdl 32]} Bb6 {[%cal Bc5b6,Bb6a7,Ba7e3][%mdl 32]} 10. a5 {C78: Ruy Lopez: Archangelsk and Möller Defences.} Ba7 (10... Bxa5 $2 11. dxe5 (11. d5 Ne7 $18) 11... dxe5 12. Qxd8+ Kxd8 13. Bd5 (13. Bxf7 Bb6 $16) 13... Nxd5 14. exd5 $18) 11. h3 Bb7 12. Be3 {Threatening d5.} Nxe4 13. d5 Bxe3 14. dxc6 Nxf2 $1 15. Qe2 Nxh3+ 16. Kh1 Nf2+ 17. Rxf2 Bxf2 18. Qxf2 Bxc6 {[#]} 19. Nxe5 $1 {[%csl Gb3,Ge5][%cal Rf2f7]} Bxg2+ $1 20. Kg1 $1 {[%csl Gb3,Ge5][%cal Rf2f7]} (20. Kxg2 Qg5+ 21. Kf1 (21. Ng4 $2 Qxg4+ 22. Qg3 Qe2+ 23. Qf2 Qe4+ 24. Kg1 Qg6+ 25. Qg2 Kd7 $19) 21... Qxe5 $17) 20... Qf6 21. Nxf7 {Dancing on a razor blade.} Qxf2+ 22. Kxf2 Rf8 23. Kxg2 Rxf7 24. Bxf7+ Kxf7 $11 {[%mdl 4096] Endgame KRN-KR} 25. Nd2 b4 26. c4 Re8 27. Kf3 {[#] To avoid Re2} g5 $146 ({Predecessor:} 27... Re5 28. Nf1 Rf5+ 29. Ke2 Rh5 30. Kd3 Rh1 31. Re1 c6 {½-½ (31) Nihal,S (2655)-Arjun,K (2503) Riga 2021}) 28. Ne4 Kg6 29. Ke3 Re5 30. Kd4 Rf5 31. c5 d5 (31... h5 $11) 32. Ng3 $14 Rf3 33. Kxd5 Rxg3 $16 {KR-KR} 34. Kc6 $1 Rg2 {And now ...h5 would win.} 35. Kxc7 Rc2 {Threatens to win with ...h5.} 36. Kb6 g4 (36... Rxb2 $2 37. Kxa6 Rb3 38. c6 $18) 37. Rd1 Kg5 (37... Rxb2 $2 38. Kxa6 b3 39. c6 $18) 38. Rd5+ {The position is equal.} Kf4 39. Kxa6 g3 (39... Rxb2 40. c6 Ke4 41. Rb5 $18) 40. Kb5 g2 41. Rd1 Rf2 (41... Rxb2 $6 42. c6 b3 43. a6 $17) 42. Rg1 Kg3 {White must now prevent ...Rf1.} 43. a6 h5 {[%cal Bh7h5,Bh5h4,Bh4h3][%mdl 32]} 44. a7 (44. Kxb4 $2 h4 45. a7 Rf8 $19) 44... Rf8 45. c6 $1 (45. Kxb4 $2 h4 46. Ra1 h3 $19) 45... h4 {Hoping for ...h3.} 46. c7 {[%cal Og1g2] aiming for Rxg2+!} (46. Kxb4 h3 47. Ra1 h2 $19) (46. Ra1 Ra8 47. c7 {[#]} Rxa7 $3 {[%mdl 512]} 48. Rxa7 g1=Q) 46... h3 47. Rc1 Rc8 48. Ra1 Ra8 {Strongly threatening ...h2.} ({Don't take} 48... h2 49. a8=Q Rxa8 50. Rxa8 $16) (48... h2 $5 49. a8=Q Rxa8 50. Rxa8 g1=Q 51. Rg8+ Kf2 52. Rf8+ (52. Rxg1 hxg1=Q 53. c8=Q Qg7 $16) 52... Ke3 $16) 49. Rc1 Rc8 {...h2 is the strong threat.} (49... h2 50. c8=Q Rxc8 51. Rxc8 $18) 50. Ra1 {Weighted Error Value: White=0.04 (flawless) /Black=0.04 (flawless)} 1/2-1/2

[Event "84th Tata Steel Challengers 2022"]
[Site "Wijk aan Zee"]
[Date "2022.01.21"]
[Round "6.3"]
[White "Vogel, Roven"]
[Black "Jumabayev, Rinat"]
[Result "1/2-1/2"]
[WhiteElo "2452"]
[BlackElo "2631"]
[Annotator "TA"]
[PlyCount "80"]
[EventDate "2022.01.15"]
[EventType "tourn"]
[EventCountry "NED"]
[SourceTitle "playchess.com"]
[Source "ChessBase"]
[SourceQuality "1"]

{[%evp 20,80,28,0,25,20,48,28,38,29,44,35,56,29,29,4,24,-18,-14,-10,0,0,0,-12,0,0,0,0,0,-9,0,-2,16,0,34,0,-5,-10,-7,-13,0,0,0,0,0,0,14,2,2,2,2,2,2,2,2,2,2,2,2,2,2,2,25]} 1. Nf3 d6 2. d4 Nf6 3. c4 g6 4. Nc3 Bg7 5. e4 O-O 6. Be2 e5 7. O-O Nbd7 8. Re1 Re8 9. Bf1 exd4 10. Nxd4 c6 $1 {[%mdl 4] outshines the older 10...Nc5.} 11. Nc2 Nb6 {E95: King's Indian: Classical: 7...Nbd7 8 Re1.} 12. Bg5 {[%cal Oc4c5]} h6 13. Bh4 Be6 {[#] White has an edge.} 14. Ne3 $146 ({Predecessor:} 14. b3 g5 15. Bg3 d5 16. cxd5 cxd5 17. e5 Ne4 18. Nxe4 dxe4 19. Nd4 h5 20. h3 {0-1 (37) Fomichenko,E (2460)-Gochelashvili,D (2436) Krasnodar 2011}) 14... Nbd7 15. Rb1 a5 16. Bd3 Qb6 17. Kh1 Nh5 18. Ncd5 Bxd5 $11 19. cxd5 Ndf6 20. dxc6 bxc6 21. Ng4 Qd4 {[#] ...Nxg4 is the strong threat.} 22. Bxf6 Nxf6 23. Nxf6+ Bxf6 24. Qc2 Kg7 25. b3 h5 26. Rbd1 Qb6 27. Bc4 Rad8 {The position is equal.} 28. g3 h4 29. Kg2 Rh8 30. f4 hxg3 31. hxg3 Qc5 {Inhibits e5.} 32. Bd3 Bc3 33. Rh1 Rxh1 34. Rxh1 Qd4 35. Rd1 Bb4 36. Bc4 Qf6 37. e5 dxe5 38. fxe5 Qg5 39. Rxd8 Qxd8 40. Qf2 Qd2 {Weighted Error Value: White=0.08 (flawless) /Black=0.07 (flawless)} 1/2-1/2